000 00508nam a22001817a 4500
005 20240920160531.0
008 240920b |||||||| |||| 00| 0 eng d
020 _a978-93-5755-435-0
041 _aeng
082 _a615.1
100 _aKAR, DR. RAJAT KUMAR & BHARDWAJ, HEMANT AND KUMAR DR. SACHIN
_98565
245 _aPHARMACEUTICS [D.PHARMA, 1ST YEAR ]
250 _a2ND ED. 2024
260 _aLUCKNOW
_bTHAKUR PUBLICATION PVT.LTD
300 _a264;P
650 _aPHARMACY
_xD.PHARMA
942 _cBK
999 _c8694
_d8692